Vynálezecké a zlepšovatelské hnutí v místním hospodářství otázky a odpovědi

Guardado en:
Detalles Bibliográficos
Autor principal: Junek, Pavel
Formato: Libro
Lenguaje:checo
Publicado: Praha Svoboda 1985
Etiquetas: Agregar Etiqueta
Sin Etiquetas, Sea el primero en etiquetar este registro!

MARC

LEADER 00000nam a2200000 4500
001 c105387
005 20230105083745.1
041 0 |a cze 
044 |a CZ 
245 1 0 |a Vynálezecké a zlepšovatelské hnutí v místním hospodářství  |b otázky a odpovědi  |c Pavel Junek 
264 1 |a Praha  |b Svoboda  |c 1985 
300 |a 148 s. 
100 1 |a Junek, Pavel